[Event "Scarborough CC Early Summer"]
[Site "Toronto CAN"]
[Date "2008.05.22"]
[Round "3"]
[White "Samaroo, Muneshwar"]
[Black "Armstrong, Robert J"]
[Result "0-1"]
[WhiteElo "1577"]
[BlackElo "1814"]
[PlyCount "96"]
[GameId "2160767910350874"]
[EventDate "2008.05.08"]
[EventType "swiss"]
[EventRounds "8"]
[EventCountry "CAN"]
[SourceTitle "EXT 2011"]
[Source "ChessBase"]
[SourceDate "2011.11.26"]
[SourceVersion "1"]
[SourceVersionDate "2011.11.26"]
[SourceQuality "1"]

1. e4 g6 2. Nf3 Bg7 3. d4 d6 4. Bc4 Nf6 5. Nc3 Nxe4 6. O-O Nxc3 7. bxc3 O-O 8. Be3 Nd7 9. Qd2 Nf6 10. Bd3 b6 11. Bh6 Bb7 12. Bxg7 Kxg7 13. Qf4 Qd7 14. h3 Rae8 15. Rfe1 Bxf3 16. Qxf3 e5 17. d5 Nh5 18. Rab1 Re7 19. Bb5 Qd8 20. g3 f5 21. Kh2 Ref7 22. Rb4 Qg5 23. Qd3 f4 24. g4 f3 25. Qe3 Nf4 26. Rg1 Qh4 27. Rxf4 Rxf4 28. Bd7 Qe7 29. Be6 c6 30. Qd3 e4 31. Qd4+ Qf6 32. Qe3 cxd5 33. Bxd5 Qe5 34. Qd4 R4f5+ 35. Qxe5+ Rxe5 36. c4 e3 37. Kg3 exf2 38. Kxf2 Re2+ 39. Kg3 f2 40. Rf1 Rxc2 41. a4 Rb2 42. Bf3 Rc8 43. Bd5 Ra2 44. g5 Rf8 45. h4 Rxa4 46. Rxf2 Ra3+ 47. Kg2 Rxf2+ 48. Kxf2 Rh3 0-1

[Event "Scarborough CC Early Summer"]
[Site "Toronto CAN"]
[Date "2008.05.22"]
[Round "3"]
[White "Sherman, Joshua"]
[Black "Douglas, Richard"]
[Result "0-1"]
[WhiteElo "1880"]
[BlackElo "1708"]
[PlyCount "54"]
[GameId "2160767910350875"]
[EventDate "2008.05.08"]
[EventType "swiss"]
[EventRounds "8"]
[EventCountry "CAN"]
[SourceTitle "EXT 2011"]
[Source "ChessBase"]
[SourceDate "2011.11.26"]
[SourceVersion "1"]
[SourceVersionDate "2011.11.26"]
[SourceQuality "1"]

1. e4 Nf6 2. e5 Nd5 3. c4 Nb6 4. d4 d6 5. f4 dxe5 6. fxe5 Nc6 7. Be3 Bf5 8. Nc3 e6 9. Be2 Be7 10. Nf3 O-O 11. O-O f6 12. Qe1 Nb4 13. Qg3 Nc2 14. Bh6 Bg6 15. Bd3 Nxa1 16. h4 gxh6 17. h5 f5 18. hxg6 Qe8 19. gxh7+ Kxh7 20. Rxa1 Rg8 21. Qf2 Qg6 22. c5 Nd7 23. Re1 Nxc5 24. Bc4 c6 25. Ne2 Ne4 26. Qf1 Bb4 27. Rd1 Rae8 0-1

[Event "Scarborough CC Early Summer"]
[Site "Toronto CAN"]
[Date "2008.05.22"]
[Round "3"]
[White "Villalobos, Oscar"]
[Black "Perez, Michael"]
[Result "1-0"]
[WhiteElo "1863"]
[BlackElo "1739"]
[PlyCount "63"]
[GameId "2160767910350876"]
[EventDate "2008.05.08"]
[EventType "swiss"]
[EventRounds "8"]
[EventCountry "CAN"]
[SourceTitle "EXT 2011"]
[Source "ChessBase"]
[SourceDate "2011.11.26"]
[SourceVersion "1"]
[SourceVersionDate "2011.11.26"]
[SourceQuality "1"]

1. d4 Nf6 2. Nf3 d5 3. Bf4 c5 4. e3 e6 5. Nbd2 b6 6. Ne5 a6 7. c3 Bd6 8. Qa4+ Bd7 9. Nxd7 Qxd7 10. Qd1 Bxf4 11. exf4 O-O 12. Bd3 cxd4 13. cxd4 Nc6 14. Nf3 Qd6 15. Rc1 Rfc8 16. Qd2 Nb4 17. Bb1 Ne4 18. Qe3 Rxc1+ 19. Qxc1 f6 20. O-O b5 21. Re1 Kf7 22. Qe3 f5 23. Rc1 Rd8 24. a3 Nc6 25. Rxc6 Qe7 26. Bxe4 dxe4 27. Ng5+ Kg8 28. Qh3 h6 29. Nxe6 Rd5 30. Qb3 Qd7 31. Rxa6 Qc8 32. Nc7 1-0

[Event "Scarborough CC Early Summer"]
[Site "Toronto CAN"]
[Date "2008.05.22"]
[Round "3"]
[White "Yuan, Yuanling"]
[Black "Paterson, Jim"]
[Result "1-0"]
[WhiteElo "2206"]
[BlackElo "1804"]
[PlyCount "101"]
[GameId "2160767910350877"]
[EventDate "2008.05.08"]
[EventType "swiss"]
[EventRounds "8"]
[EventCountry "CAN"]
[SourceTitle "EXT 2011"]
[Source "ChessBase"]
[SourceDate "2011.11.26"]
[SourceVersion "1"]
[SourceVersionDate "2011.11.26"]
[SourceQuality "1"]

1. e4 e6 2. d4 d5 3. e5 c5 4. c3 Nc6 5. Nf3 cxd4 6. cxd4 Bb4+ 7. Nc3 f6 8. Bf4 fxe5 9. Nxe5 Nf6 10. Bb5 Qb6 11. Qd3 O-O 12. Be3 a6 13. Ba4 Qc7 14. f4 Ne4 15. O-O Bxc3 16. bxc3 Nxe5 17. fxe5 b5 18. Rxf8+ Kxf8 19. Bc2 Qc4 20. Rf1+ Kg8 21. Qd1 Bb7 22. Qf3 Qc7 23. Bc1 Re8 24. Ba3 g6 25. Qf4 Qg7 26. Bd1 Nxc3 27. Bg4 Bc8 28. Rc1 h5 29. Rxc3 hxg4 30. Qxg4 Bd7 31. Rg3 Kh7 32. h4 Qh6 33. Rf3 Bc8 34. Rf7+ Kg8 35. Rf6 Kh7 36. Kh1 Kg7 37. Bc1 Qh5 38. Qf4 g5 39. Qxg5+ Qxg5 40. Bxg5 a5 41. h5 b4 42. h6+ Kh7 43. Rf7+ Kg6 44. Rg7+ Kf5 45. h7 Rh8 46. Bf6 a4 47. Rg5+ Kf4 48. Bxh8 b3 49. axb3 axb3 50. Rg3 b2 51. Rb3 1-0

[Event "Scarborough CC Early Summer"]
[Site "Toronto CAN"]
[Date "2008.05.29"]
[Round "4"]
[White "Armstrong, Robert J"]
[Black "Moysoski, Randy"]
[Result "1/2-1/2"]
[WhiteElo "1813"]
[BlackElo "1879"]
[PlyCount "83"]
[GameId "2160767910350878"]
[EventDate "2008.05.08"]
[EventType "swiss"]
[EventRounds "8"]
[EventCountry "CAN"]
[SourceTitle "EXT 2011"]
[Source "ChessBase"]
[SourceDate "2011.11.26"]
[SourceVersion "1"]
[SourceVersionDate "2011.11.26"]
[SourceQuality "1"]

1. d4 Nf6 2. c4 c5 3. d5 e5 4. Nc3 d6 5. e4 Na6 6. Be2 Be7 7. f4 Nd7 8. Nf3 f6 9. fxe5 Nxe5 10. O-O Ng6 11. Qe1 O-O 12. h4 Bg4 13. Qg3 Qd7 14. Nh2 Bxe2 15. Nxe2 Kh8 16. h5 Ne5 17. Nf4 Qe8 18. Nf3 g5 19. hxg6 Nxg6 20. Ne6 Rg8 21. Qh3 Nf8 22. Bd2 Nxe6 23. dxe6 Qg6 24. Bc3 Raf8 25. Nh4 Qh5 26. Rf4 Rg5 27. Raf1 Qh6 28. Qf3 Nc7 29. Rxf6 Rxf6 30. Qxf6+ Bxf6 31. Rxf6 Qxf6 32. Bxf6+ Kg8 33. Bxg5 Nxe6 34. Be7 Kf7 35. Bxd6 b6 36. Kf2 Ke8 37. Ke3 Kd7 38. e5 Nd4 39. Ke4 Ke6 40. Bb8 Nc6 41. Bd6 a6 42. Nf5 1/2-1/2

[Event "Scarborough CC Early Summer"]
[Site "Toronto CAN"]
[Date "2008.06.05"]
[Round "5"]
[White "Armstrong, Robert J"]
[Black "Longo, Tyler"]
[Result "0-1"]
[WhiteElo "1752"]
[BlackElo "1933"]
[PlyCount "50"]
[GameId "2160767910350879"]
[EventDate "2008.05.08"]
[EventType "swiss"]
[EventRounds "8"]
[EventCountry "CAN"]
[SourceTitle "EXT 2011"]
[Source "ChessBase"]
[SourceDate "2011.11.26"]
[SourceVersion "1"]
[SourceVersionDate "2011.11.26"]
[SourceQuality "1"]

1. d4 d5 2. c4 dxc4 3. Nc3 Nf6 4. e4 e5 5. d5 Bc5 6. Qa4+ c6 7. Qxc4 Qb6 8. Qe2 cxd5 9. exd5 O-O 10. h3 Rd8 11. Bg5 Bf5 12. Bxf6 Qxf6 13. g4 Bg6 14. h4 h6 15. Nf3 e4 16. Nxe4 Bb4+ 17. Ned2 Qxb2 18. Rd1 Bc2 19. Bh3 Bxd1 20. Qxd1 Rxd5 21. g5 Nc6 22. O-O Bxd2 23. g6 Rad8 24. gxf7+ Kxf7 25. Qe2 Qf6 0-1

[Event "Scarborough CC Early Summer"]
[Site "Toronto CAN"]
[Date "2008.06.05"]
[Round "5"]
[White "Verde, Pino"]
[Black "Ferreira, Alex"]
[Result "1-0"]
[Annotator "Armstrong,Robert"]
[WhiteElo "1754"]
[BlackElo "2023"]
[PlyCount "97"]
[GameId "2160767910350880"]
[EventDate "2008.05.08"]
[EventType "swiss"]
[EventRounds "8"]
[EventCountry "CAN"]

1. e4 d6 2. Bc4 g6 3. c3 Nf6 4. d3 Bg7 5. Nf3 O-O 6. Nbd2 Nbd7 7. Bb3 e5 8. Nf1 Nc5 9. Bc2 d5 10. b4 dxe4 11. bxc5 exf3 12. Qxf3 Qd5 13. Qxd5 Nxd5 14. Bd2 e4 15. d4 b6 16. Ne3 Nxe3 17. fxe3 bxc5 18. Bxe4 Rb8 19. Rb1 Ba6 20. Kf2 cxd4 21. cxd4 f5 22. Bd5+ Kh8 23. h4 f4 24. Bf3 Bd3 25. Rxb8 Rxb8 26. Rc1 Bf6 27. exf4 Bxd4+ 28. Kg3 c5 29. Bc3 Bxc3 30. Rxc3 c4 31. Bd5 Rb2 32. a3 Kg7 33. Bxc4 Bxc4 34. Rxc4 Rb3+ 35. Kf2 Rxa3 36. Rc7+ Kf6 37. g4 h5 38. Rc6+ Kg7 39. Rc7+ Kf8 40. Rc8+ Ke7 41. Rc7+ Kd8 42. Rc6 hxg4 43. Rxg6 Rf3+ 44. Kg2 Rxf4 45. h5 Ke8 46. h6 Rf7 47. Kg3 Rf1 48. h7 Kf7 49. Rg8 1-0

[Event "Scarborough CC Early Summer"]
[Site "Toronto CAN"]
[Date "2008.06.05"]
[Round "5"]
[White "Yuan, Yuanling"]
[Black "Hall, John2"]
[Result "0-1"]
[WhiteElo "2218"]
[BlackElo "2128"]
[PlyCount "70"]
[GameId "2160767910350881"]
[EventDate "2008.05.08"]
[EventType "swiss"]
[EventRounds "8"]
[EventCountry "CAN"]
[SourceTitle "EXT 2011"]
[Source "ChessBase"]
[SourceDate "2011.11.26"]
[SourceVersion "1"]
[SourceVersionDate "2011.11.26"]
[SourceQuality "1"]

1. e4 e5 2. Nf3 Nc6 3. Bb5 a6 4. Bc4 Nf6 5. O-O Be7 6. Re1 b5 7. Bb3 d6 8. c3 O-O 9. h3 Bb7 10. d4 Qd7 11. Nbd2 Rae8 12. Nf1 exd4 13. cxd4 Na5 14. Bc2 d5 15. e5 Ne4 16. Bf4 f5 17. Qc1 c5 18. Ng3 Nc6 19. Ne2 Rc8 20. Rd1 cxd4 21. Nexd4 Nb4 22. Qb1 Nxc2 23. Nxc2 g5 24. Be3 g4 25. hxg4 fxg4 26. Nfd4 Bh4 27. Rf1 Qf7 28. Qe1 Qh5 29. g3 Rxc2 30. Nxc2 d4 31. Bf4 Bg5 32. Nxd4 Rxf4 33. f3 Rxf3 34. Nxf3 gxf3 35. Rd1 f2+ 0-1

[Event "Scarborough CC Early Summer"]
[Site "Toronto CAN"]
[Date "2008.06.12"]
[Round "6"]
[White "Ferreira, Alex"]
[Black "Bossy, John"]
[Result "1-0"]
[WhiteElo "2025"]
[BlackElo "1936"]
[PlyCount "81"]
[GameId "2160767910350882"]
[EventDate "2008.05.08"]
[EventType "swiss"]
[EventRounds "8"]
[EventCountry "CAN"]
[SourceTitle "EXT 2011"]
[Source "ChessBase"]
[SourceDate "2011.11.26"]
[SourceVersion "1"]
[SourceVersionDate "2011.11.26"]
[SourceQuality "1"]

1. e4 c6 2. Nc3 d5 3. d3 Nf6 4. Bg5 Bg4 5. Be2 Bxe2 6. Ngxe2 Nbd7 7. O-O e6 8. Kh1 Be7 9. f4 dxe4 10. dxe4 O-O 11. Ng3 h6 12. Bxf6 Nxf6 13. e5 Nd5 14. Nxd5 Qxd5 15. Qg4 Rfd8 16. Rae1 Bf8 17. f5 exf5 18. Rxf5 Qe6 19. Qe4 Rd7 20. Nh5 Rad8 21. Nf4 Qe8 22. e6 fxe6 23. Nxe6 Re7 24. Re5 Rdd7 25. h3 Qf7 26. Qc4 Rd5 27. Rxd5 cxd5 28. Qxd5 g6 29. c4 Bg7 30. b3 Kh7 31. Qe4 Rd7 32. h4 Qf5 33. Qxf5 gxf5 34. Re2 Bf6 35. g3 Kg8 36. Kg2 Kf7 37. Kf3 Be7 38. Nf4 Bd6 39. Nd5 b6 40. g4 fxg4+ 41. Kxg4 1-0

[Event "Scarborough CC Early Summer"]
[Site "Toronto CAN"]
[Date "2008.06.12"]
[Round "6"]
[White "Lamb, Bryan"]
[Black "Casareno, Erwin"]
[Result "0-1"]
[WhiteElo "2202"]
[BlackElo "2168"]
[PlyCount "66"]
[GameId "2160767910350883"]
[EventDate "2008.05.08"]
[EventType "swiss"]
[EventRounds "8"]
[EventCountry "CAN"]
[SourceTitle "EXT 2011"]
[Source "ChessBase"]
[SourceDate "2011.11.26"]
[SourceVersion "1"]
[SourceVersionDate "2011.11.26"]
[SourceQuality "1"]

1. c4 c5 2. Nc3 Nc6 3. Nf3 g6 4. d4 cxd4 5. Nxd4 Bg7 6. Nc2 Nf6 7. g3 O-O 8. Bg2 d6 9. O-O Be6 10. Nd5 Rb8 11. Bg5 Nd7 12. Rb1 h6 13. Bd2 Nde5 14. Nce3 Re8 15. Bc3 Qc8 16. f4 Ng4 17. Bxg7 Kxg7 18. Nc2 f5 19. e4 h5 20. h3 Nh6 21. Nd4 Bd7 22. Nxc6 bxc6 23. Nc3 fxe4 24. Qd4+ Kh7 25. Nxe4 Qb7 26. c5 Nf5 27. Ng5+ Kg8 28. Qc4+ d5 29. Qc3 Qb4 30. Kf2 Rb5 31. Rfc1 h4 32. gxh4 Qxf4+ 33. Kg1 Nxh4 0-1

[Event "Scarborough CC Early Summer"]
[Site "Toronto CAN"]
[Date "2008.06.12"]
[Round "6"]
[White "Sherman, Joshua"]
[Black "Moysoski, Randy"]
[Result "1-0"]
[WhiteElo "1880"]
[BlackElo "1879"]
[PlyCount "80"]
[GameId "2160767910350884"]
[EventDate "2008.05.08"]
[EventType "swiss"]
[EventRounds "8"]
[EventCountry "CAN"]
[SourceTitle "EXT 2011"]
[Source "ChessBase"]
[SourceDate "2011.11.26"]
[SourceVersion "1"]
[SourceVersionDate "2011.11.26"]
[SourceQuality "1"]

1. e4 d5 2. exd5 Qxd5 3. Nc3 Qa5 4. d4 c6 5. Bc4 Bf5 6. Nf3 Nf6 7. Qe2 Nbd7 8. Bd2 Qc7 9. Ne5 e6 10. O-O Nxe5 11. dxe5 Nd7 12. f4 h5 13. Be3 Nb6 14. Bb3 O-O-O 15. a4 Kb8 16. Qf2 Ka8 17. a5 Nc8 18. Bb6 Qe7 19. Bxd8 Qxd8 20. Rfd1 Qc7 21. Rd2 Ne7 22. Na4 Nd5 23. c4 Be7 24. cxd5 exd5 25. Bc2 Bc8 26. Nb6+ Kb8 27. Nxc8 Qxc8 28. Bd1 g6 29. Bf3 Qe6 30. Qd4 Rd8 31. b4 g5 32. Bxh5 gxf4 33. h3 Bg5 34. Re2 f5 35. Rb1 Be7 36. Qxf4 Rg8 37. Bf7 Qc8 38. e6+ Ka8 39. Bxg8 a6 40. Bh7 Qf8 1-0

[Event "Scarborough CC Early Summer"]
[Site "Toronto CAN"]
[Date "2008.06.12"]
[Round "6"]
[White "Wang, Jerry ZS"]
[Black "Verde, Pino"]
[Result "0-1"]
[WhiteElo "1883"]
[BlackElo "1754"]
[PlyCount "38"]
[GameId "2160767910350885"]
[EventDate "2008.05.08"]
[EventType "swiss"]
[EventRounds "8"]
[EventCountry "CAN"]
[SourceTitle "EXT 2011"]
[Source "ChessBase"]
[SourceDate "2011.11.26"]
[SourceVersion "1"]
[SourceVersionDate "2011.11.26"]
[SourceQuality "1"]

1. e4 d6 2. d4 Nf6 3. Nc3 Nbd7 4. Bc4 c6 5. Qe2 e5 6. f4 exd4 7. e5 dxe5 8. fxe5 Nd5 9. Nxd5 cxd5 10. Bxd5 Qa5+ 11. Bd2 Qxd5 12. Nf3 Be7 13. c4 dxc3 14. Bxc3 Nc5 15. O-O Ne4 16. e6 Bc5+ 17. Kh1 Bxe6 18. Bxg7 Ng3+ 19. hxg3 Qh5+ 0-1

[Event "Scarborough CC Early Summer"]
[Site "Toronto CAN"]
[Date "2008.06.19"]
[Round "7"]
[White "Casareno, Erwin"]
[Black "Longo, Tyler"]
[Result "1-0"]
[WhiteElo "2168"]
[BlackElo "1933"]
[PlyCount "107"]
[GameId "2160767910350886"]
[EventDate "2008.05.08"]
[EventType "swiss"]
[EventRounds "8"]
[EventCountry "CAN"]
[SourceTitle "EXT 2011"]
[Source "ChessBase"]
[SourceDate "2011.11.26"]
[SourceVersion "1"]
[SourceVersionDate "2011.11.26"]
[SourceQuality "1"]

1. e4 d5 2. Nc3 d4 3. Nce2 e5 4. Ng3 Nf6 5. Bc4 Bd6 6. Nf3 O-O 7. d3 Nc6 8. Bd2 Bd7 9. h3 a6 10. O-O Na7 11. Nh2 c5 12. f4 Qc7 13. f5 b5 14. Ng4 Nxg4 15. Qxg4 bxc4 16. Bh6 g6 17. Qh4 Qd8 18. Bg5 Qb6 19. Nh5 gxh5 20. Bf6 Rfc8 21. Qg5+ Kf8 22. Qg7+ Ke8 23. Qh8+ Bf8 24. Bxe5 Qh6 25. Rf3 f6 26. Bxf6 Kf7 27. e5 Bg7 28. Bxg7 Qxg7 29. e6+ Kf6 30. Qxg7+ Kxg7 31. f6+ Kf8 32. exd7 Rd8 33. dxc4 Rxd7 34. Rf5 Rc8 35. Rxh5 Rf7 36. Rf1 Rc6 37. g4 Kg8 38. Rg5+ Kh8 39. Rgf5 Nc8 40. g5 Nd6 41. Rd5 Nb7 42. Re1 h6 43. Re8+ Kh7 44. h4 hxg5 45. hxg5 Kg6 46. Rg8+ Kh7 47. Re8 Kg6 48. Re2 d3 49. Rh2 Rh7 50. Rxh7 Kxh7 51. Rd7+ Kg6 52. Rg7+ Kf5 53. cxd3 Rd6 54. f7 1-0

[Event "Scarborough CC Early Summer"]
[Site "Toronto CAN"]
[Date "2008.06.19"]
[Round "7"]
[White "Fan, Yibing"]
[Black "Arfin, Sam"]
[Result "0-1"]
[WhiteElo "1822"]
[BlackElo "1761"]
[PlyCount "88"]
[GameId "2160767910350887"]
[EventDate "2008.05.08"]
[EventType "swiss"]
[EventRounds "8"]
[EventCountry "CAN"]
[SourceTitle "EXT 2011"]
[Source "ChessBase"]
[SourceDate "2011.11.26"]
[SourceVersion "1"]
[SourceVersionDate "2011.11.26"]
[SourceQuality "1"]

1. d4 Nf6 2. c4 e6 3. Nc3 Bb4 4. e3 b6 5. Bd3 Bb7 6. f3 c5 7. Nge2 Nc6 8. Bd2 d5 9. cxd5 exd5 10. a3 Bxc3 11. Bxc3 Qe7 12. Qd2 O-O 13. Kf2 Rfe8 14. Rhe1 Rad8 15. Rac1 Nh5 16. g3 Qe6 17. Ng1 Nf6 18. Kg2 Qd6 19. dxc5 bxc5 20. Bxf6 gxf6 21. Qc2 c4 22. Bxh7+ Kg7 23. Bf5 Rh8 24. h4 Ne5 25. Qe2 Rdg8 26. Kf2 Kf8 27. f4 Rxh4 28. gxh4 d4 29. e4 Nd3+ 30. Kf1 Qxf4+ 31. Nf3 Nxc1 32. Rxc1 Qxc1+ 33. Kf2 d3 34. Qd2 Qxd2+ 35. Nxd2 Ba6 36. a4 Ke7 37. b4 c3 38. Nb3 d2 39. Nxd2 cxd2 40. Bd7 d1=Q 41. b5 Qc2+ 42. Kf3 Rg2 43. e5 fxe5 44. b6 Qe2# 0-1

[Event "Scarborough CC Early Summer"]
[Site "Toronto CAN"]
[Date "2008.06.19"]
[Round "7"]
[White "Gillis, Doug"]
[Black "Ferreira, Alex"]
[Result "1/2-1/2"]
[WhiteElo "1639"]
[BlackElo "2025"]
[PlyCount "76"]
[GameId "2160767910350888"]
[EventDate "2008.05.08"]
[EventType "swiss"]
[EventRounds "8"]
[EventCountry "CAN"]
[SourceTitle "EXT 2011"]
[Source "ChessBase"]
[SourceDate "2011.11.26"]
[SourceVersion "1"]
[SourceVersionDate "2011.11.26"]
[SourceQuality "1"]

1. e4 d5 2. exd5 Nf6 3. c4 c6 4. d4 cxd5 5. Nc3 g6 6. c5 Bg7 7. Bb5+ Bd7 8. Bxd7+ Qxd7 9. Bf4 O-O 10. Nf3 Nh5 11. Bxb8 Raxb8 12. O-O b6 13. Ne5 Bxe5 14. dxe5 bxc5 15. Qxd5 Qxd5 16. Nxd5 e6 17. Ne7+ Kg7 18. b3 Nf4 19. Nc6 Rb6 20. Na5 f6 21. Nc4 Rb7 22. Rfd1 fxe5 23. Nxe5 Rf5 24. Rd7+ Rxd7 25. Nxd7 Rd5 26. Nb8 Rd6 27. g3 Ne2+ 28. Kf1 Nc3 29. Rc1 Nxa2 30. Rxc5 a6 31. Rc6 Rxc6 32. Nxc6 Kf6 33. f4 h6 34. Kf2 Kf5 35. Nd4+ Kf6 36. Nc6 g5 37. Ke3 Nc3 38. fxg5+ hxg5 1/2-1/2

[Event "Scarborough CC Early Summer"]
[Site "Toronto CAN"]
[Date "2008.06.19"]
[Round "7"]
[White "Hall, John2"]
[Black "Verde, Pino"]
[Result "0-1"]
[WhiteElo "2128"]
[BlackElo "1754"]
[PlyCount "58"]
[GameId "2160767910350889"]
[EventDate "2008.05.08"]
[EventType "swiss"]
[EventRounds "8"]
[EventCountry "CAN"]
[SourceTitle "EXT 2011"]
[Source "ChessBase"]
[SourceDate "2011.11.26"]
[SourceVersion "1"]
[SourceVersionDate "2011.11.26"]
[SourceQuality "1"]

1. e4 e5 2. Nf3 Nc6 3. Bc4 Nf6 4. Ng5 d5 5. exd5 Na5 6. Bb5+ c6 7. dxc6 bxc6 8. Be2 h6 9. Nf3 e4 10. Ne5 Bd6 11. f4 exf3 12. Nxf3 O-O 13. d3 c5 14. Nbd2 Bb7 15. c3 Re8 16. Nf1 Qc7 17. Qc2 Re6 18. Be3 Ng4 19. Bf2 Rae8 20. Ng1 Bxg2 21. Ng3 Bxh1 22. Nxh1 Bxh2 23. O-O-O Nxf2 24. Nxf2 Bxg1 25. Ne4 Be3+ 26. Kb1 f5 27. Nd2 Bxd2 28. Rxd2 Qf4 29. b3 Rxe2 0-1

[Event "Scarborough CC Early Summer"]
[Site "Toronto CAN"]
[Date "2008.06.19"]
[Round "7"]
[White "Kurkowski, Ken"]
[Black "Smith, Maurice"]
[Result "0-1"]
[WhiteElo "1733"]
[BlackElo "1649"]
[PlyCount "60"]
[GameId "2160767910350890"]
[EventDate "2008.05.08"]
[EventType "swiss"]
[EventRounds "8"]
[EventCountry "CAN"]
[SourceTitle "EXT 2011"]
[Source "ChessBase"]
[SourceDate "2011.11.26"]
[SourceVersion "1"]
[SourceVersionDate "2011.11.26"]
[SourceQuality "1"]

1. e4 c5 2. c3 d6 3. d4 cxd4 4. cxd4 Nf6 5. Nc3 g6 6. Nf3 Nc6 7. Be2 Bg7 8. O-O O-O 9. h3 b6 10. Re1 Bb7 11. Bf4 Rc8 12. e5 dxe5 13. dxe5 Nd7 14. Bf1 a6 15. Bg3 e6 16. Qd6 Ndxe5 17. Ne4 Nxf3+ 18. gxf3 Nd4 19. Red1 Nxf3+ 20. Kg2 Be5 21. Qb4 Bd5 22. Bxa6 Rc5 23. Bb7 Nd4 24. Bxd5 Rxd5 25. Rac1 Ne2 26. Rxd5 Qxd5 27. Bxe5 Nxc1 28. Qd4 f5 29. Qxd5 exd5 30. Nf6+ Kf7 0-1

[Event "Scarborough CC Early Summer"]
[Site "Toronto CAN"]
[Date "2008.06.19"]
[Round "7"]
[White "Lamb, Bryan"]
[Black "Wang, Jerry ZS"]
[Result "1-0"]
[WhiteElo "2202"]
[BlackElo "1883"]
[PlyCount "89"]
[GameId "2160767910350891"]
[EventDate "2008.05.08"]
[EventType "swiss"]
[EventRounds "8"]
[EventCountry "CAN"]
[SourceTitle "EXT 2011"]
[Source "ChessBase"]
[SourceDate "2011.11.26"]
[SourceVersion "1"]
[SourceVersionDate "2011.11.26"]
[SourceQuality "1"]

1. c4 Nf6 2. Nc3 g6 3. g3 Bg7 4. Bg2 O-O 5. d4 d6 6. Nf3 c5 7. d5 a6 8. O-O b5 9. cxb5 axb5 10. Nxb5 Ne4 11. Nd2 Qb6 12. Bxe4 Qxb5 13. Bd3 Qb7 14. Bc4 Bh3 15. Re1 Nd7 16. Qb3 Nb6 17. e4 Ra4 18. Be2 Rb4 19. Qd3 Bxb2 20. Bxb2 Rxb2 21. Reb1 Na4 22. Nc4 Rb4 23. g4 Nb2 24. Nxb2 Rxb2 25. Rxb2 Qxb2 26. Re1 Bxg4 27. Bxg4 Qxa2 28. Qb1 Qd2 29. Qc1 Qxc1 30. Rxc1 Rb8 31. Be2 Rb4 32. Rc4 Rxc4 33. Bxc4 Kg7 34. f4 Kf6 35. Kf2 e5 36. Kf3 g5 37. f5 h5 38. h3 Kg7 39. Be2 f6 40. Ke3 h4 41. Kd3 Kf7 42. Kc4 Ke7 43. Kb5 Kd7 44. Kb6 c4 45. Bxc4 1-0

[Event "Scarborough CC Early Summer"]
[Site "Toronto CAN"]
[Date "2008.06.19"]
[Round "7"]
[White "Mesiti, Silvano"]
[Black "Samaroo, Muneshwar"]
[Result "1-0"]
[WhiteElo "1769"]
[BlackElo "1577"]
[PlyCount "75"]
[GameId "2160767910350892"]
[EventDate "2008.05.08"]
[EventType "swiss"]
[EventRounds "8"]
[EventCountry "CAN"]
[SourceTitle "EXT 2011"]
[Source "ChessBase"]
[SourceDate "2011.11.26"]
[SourceVersion "1"]
[SourceVersionDate "2011.11.26"]
[SourceQuality "1"]

1. e4 c5 2. Nf3 d6 3. d4 cxd4 4. Nxd4 Nc6 5. Nc3 a6 6. Be2 Nf6 7. O-O e5 8. Nf3 Be7 9. Be3 O-O 10. a3 Ne8 11. Nd5 f5 12. Bb6 Qd7 13. exf5 Qxf5 14. Bc4 Be6 15. Nc3 Qf7 16. Nd5 Kh8 17. Bb3 Bd8 18. Bxd8 Rxd8 19. Ng5 Qg6 20. Nxe6 Qxe6 21. Nc7 Qf6 22. Ne6 Nc7 23. Nxc7 Rd7 24. Nd5 Qg5 25. h3 Nd4 26. Qg4 Qd8 27. Rac1 Rf5 28. Kh1 Rg5 29. Qd1 Nf5 30. Ne3 Nd4 31. c3 Nxb3 32. Qxb3 d5 33. f4 exf4 34. Rxf4 Kg8 35. Rcf1 g6 36. Ng4 Kg7 37. Qb4 Rf5 38. Qd4+ 1-0

[Event "Scarborough CC Early Summer"]
[Site "Toronto CAN"]
[Date "2008.06.19"]
[Round "7"]
[White "Moysoski, Randy"]
[Black "Paterson, Jim"]
[Result "0-1"]
[WhiteElo "1879"]
[BlackElo "1804"]
[PlyCount "40"]
[GameId "2160767910350893"]
[EventDate "2008.05.08"]
[EventType "swiss"]
[EventRounds "8"]
[EventCountry "CAN"]
[SourceTitle "EXT 2011"]
[Source "ChessBase"]
[SourceDate "2011.11.26"]
[SourceVersion "1"]
[SourceVersionDate "2011.11.26"]
[SourceQuality "1"]

1. e4 e6 2. Nf3 d5 3. Nc3 c5 4. exd5 exd5 5. Bb5+ Nc6 6. O-O Be6 7. d4 Nf6 8. Re1 c4 9. Ne5 Qc8 10. f4 Be7 11. Ba4 O-O 12. Nxc6 bxc6 13. Ne2 Ne4 14. c3 Bg4 15. Bc2 Bh4 16. g3 Bf3 17. Bxe4 dxe4 18. Rf1 Qh3 19. Rf2 Bxg3 20. hxg3 Qh1# 0-1

[Event "Scarborough CC Early Summer"]
[Site "Toronto CAN"]
[Date "2008.06.19"]
[Round "7"]
[White "Wu, Aaron"]
[Black "Armstrong, Robert J"]
[Result "1-0"]
[WhiteElo "1743"]
[BlackElo "1752"]
[PlyCount "53"]
[GameId "2160767910350896"]
[EventDate "2008.05.08"]
[EventType "swiss"]
[EventRounds "8"]
[EventCountry "CAN"]
[SourceTitle "EXT 2011"]
[Source "ChessBase"]
[SourceDate "2011.11.26"]
[SourceVersion "1"]
[SourceVersionDate "2011.11.26"]
[SourceQuality "1"]

1. e4 g6 2. d4 Bg7 3. Nc3 d6 4. Be3 Nf6 5. f3 O-O 6. Bc4 c6 7. Qd2 b5 8. Bb3 a5 9. a3 Bb7 10. O-O-O Qc7 11. h4 b4 12. Nb1 a4 13. Ba2 bxa3 14. Nxa3 Na6 15. g4 h5 16. Bh6 hxg4 17. h5 d5 18. hxg6 fxg6 19. e5 Nh5 20. fxg4 Bxh6 21. Qxh6 Ng7 22. Nh3 Kf7 23. Ng5+ Ke8 24. Qxg7 Nb4 25. Ne6 Nxa2+ 26. Kb1 Kd7 27. Nxc7 1-0

[Event "Scarborough CC Early Summer"]
[Site "Toronto CAN"]
[Date "2008.06.26"]
[Round "8"]
[White "Arfin, Sam"]
[Black "Ferreira, Alex"]
[Result "1/2-1/2"]
[WhiteElo "1761"]
[BlackElo "2021"]
[PlyCount "57"]
[GameId "2160767910350897"]
[EventDate "2008.05.08"]
[EventType "swiss"]
[EventRounds "8"]
[EventCountry "CAN"]
[SourceTitle "EXT 2011"]
[Source "ChessBase"]
[SourceDate "2011.11.26"]
[SourceVersion "1"]
[SourceVersionDate "2011.11.26"]
[SourceQuality "1"]

1. e4 c5 2. d4 cxd4 3. c3 d3 4. Bxd3 Nf6 5. c4 d6 6. Nc3 Nc6 7. h3 e6 8. Nf3 Be7 9. O-O O-O 10. Bf4 Kh8 11. Qe2 Nd7 12. Rfd1 e5 13. Be3 g6 14. Bh6 Re8 15. Nd5 Nc5 16. Bc2 Ne6 17. Be3 Bf8 18. Qd2 f6 19. Nc3 a6 20. Nd5 Rb8 21. Bb6 Qd7 22. Nxf6 Qf7 23. Nxe8 Qxe8 24. Ba4 h6 25. Nh2 Qf7 26. Bxc6 bxc6 27. Be3 g5 28. b3 Qg6 29. Re1 1/2-1/2